000 00524nam a22001817a 4500
003 UA-OsUOA
001 10696
007 ta
008 20050130b un ||||| |||| 00| 0 ukr d
100 _aКовалець Л.
942 _cSA
040 _aUA-OsUOA
_cUA-OsUOA
_dUA-OsUOA
245 _aУроки Євгенії Ярошинської:Постаті
300 _aС.59-60
955 _a0
773 0 _w0
_tДивослово
_dКиїв
_d2005
_g№1
650 7 _aУкраїнське літературознавство
_2UDC
999 _c296857
_d296857